| 000 | 00000nam##2200000za#4500 |
| 001 | 9.528218 |
| 003 | CaOODSP |
| 005 | 20200401015251 |
| 007 | ta |
| 008 | 150406|1996||||xxc||||| f|0| 0 eng|d |
| 020 | |a0-660-60154-0 |
| 040 | |aCaOODSP|beng |
| 041 | |aeng |
| 041 | |afre |
| 043 | |an-cn--- |
| 086 | 1 |aBT31-4/7-1996 |
| 110 | 1 |aCanada. |bTreasury Board. |
| 245 | 10|aNational Energy Board |
| 260 | |aOttawa - Ontario : |bTreasury Board of Canada Secretariat |c1996. |
| 300 | |aEnglish text, 29p. : |btables ; |c27 cm. |
| 490 | 1 |aPerformance report for the period ending March 31, 1996 |
| 546 | |aBilingual |
| 563 | |aSoftcover |
| 590 | |a96-45|b1996-11-08 |
| 776 | 0#|tOffice national de l'énergie, rapport sur le rendement pour la période se terminant le 31 mars 1996 |w(CaOODSP)9.599778 |
| 776 | 0#|tNational Energy Board, performance report for the period ending March 31, 1996 |w(CaOODSP)9.568500 |
| 792 | |tOffice national de l'énergie|efre|w(CaOODSP)9.528219 |
| 830 | #0|aPerformance report for the period ending March 31, 1996.|w(CaOODSP)9.508970 |